Lengua y literatura 1 : trabajos de integración de gramática y discurso /

Guardado en:
Autor Principal: Marín, Marta
Formato: Libro
Publicado: Buenos Aires : Aique, 1989
Materias:
Etiquetas: Agregar Etiqueta
Sin Etiquetas, Sea el primero en etiquetar este registro!
LEADER 01264nam a22002655a 4500
001 CEM.cems004208
005 20090219113819.0
008 130507s1989##################000#0#####d
003 CEMS
020 |a 9509003867 
082 0 4 |a 468 
100 1 |a Marín, Marta 
245 1 0 |a Lengua y literatura 1 :  |b trabajos de integración de gramática y discurso /  |c Marta Marín 
260 |a Buenos Aires :  |b Aique,  |c 1989 
300 |a 245 p. 
500 |a Para 1er. año del Ciclo Básico 
505 0 |a La comunicación -- La decodificación -- La actividad discursiva. Comprensión y producción de textos -- El tema -- Párrafo y oración -- Construcción sustantiva -- Construcción verbal -- Función referencial -- Función apelativa -- Función emotiva -- Función poética -- El discurso literario -- El discurso lírico -- El discurso narrativo 
653 |a Lengua 
653 |a Lengua-ciclo básico 
653 |a Literatura 
653 |a Literatura-ciclo básico 
859 |a CEMS  |b BIB. CEMS - 11 de abril  |h 468  |i M388  |p 15692.90  |t Ej.1  |v I  |3 I 
859 |a CEMS  |b BIB. CEMS - 11 de abril  |h 468  |i M388  |p 16228.91  |t Ej.2  |v I  |3 I 
859 |a CEMS  |b BIB. CEMS - 11 de abril  |h 468  |i M388  |p 16229.91  |t Ej.3  |v I  |3 I 
859 |a CEMS  |b BIB. CEMS - 11 de abril  |h 468  |i M388  |p 16292.91  |t Ej.4  |v I  |3 I